Soutěž a tvorba časopis pro otázky živnostenského vlastnictví, autorského práva a nekalé soutěže

Gespeichert in:
Bibliographische Detailangaben
Format: Schriftenreihe
Sprache:Tschechisch
Veröffentlicht: Praha Mezinárodní sdružení pro ochranu živnostenského vlastnictví, odbor čsl. 1929
Tags: Tag hinzufügen
Keine Tags, Fügen Sie das erste Tag hinzu!

MARC

LEADER 00000nas2a2200000$$$4500
001 0020521
005 20250730114407.8
041 0 |a cze 
044 |a CZ 
245 1 0 |a Soutěž a tvorba  |b časopis pro otázky živnostenského vlastnictví, autorského práva a nekalé soutěže 
264 1 |a Praha  |b Mezinárodní sdružení pro ochranu živnostenského vlastnictví, odbor čsl.  |c 1929 
300 |a 1 zv. 
773 0 |w eu_un_cat*0020519